| 000 | 00653nam a2200217 a 4500 | ||
|---|---|---|---|
| 005 | 20240411063737.0 | ||
| 008 | 010711s1985 r 000 0 eng d | ||
| 020 | _a9682905621 | ||
| 035 | _aUPN01000109527 | ||
| 049 | _aSEP | ||
| 050 | 4 |
_aF1226 C5 _bM6.6 |
|
| 100 | 1 | _aMonroy Huitrón, Guadalupe | |
| 245 | 1 | 0 |
_aPolítica educativa de la revolución : _b1910-1940 / _cGuadalupe Monroy Huitrón. |
| 260 |
_aMéxico : _bSEP : _bCultura, _c1985 |
||
| 300 | _a157 p. | ||
| 440 | 0 | _aCien de México | |
| 650 | 4 |
_aEducación _zMéxico _xHistoria _9187 |
|
| 650 | 4 |
_aEducación y Estado _zMéxico _9476 |
|
| 651 | 4 |
_aMéxico _xHistoria _94558 |
|
| 905 | _aLibro | ||
| 999 |
_c83438 _d83438 |
||